Who Scored The Goal? (Fenerbahçe) 22/23 - Statistics

General Stats
  • This quiz has been taken 59 times
  • The average score is 53 of 81
Answer Stats
Matches Scorer % Correct
Fenerbahçe - Ümraniyespor19' 1-0 Enner Valencia
96%
Fenerbahçe - Ümraniyespor45+2' 2-1 Enner Valencia
96%
Kasımpaşa - Fenerbahçe86' 0-5 Arda Güler
78%
Fenerbahçe - Ümraniyespor90+2' 3-3 Mergim Berisha
78%
Kasımpaşa - Fenerbahçe90+2' 0-6 Arda Güler
74%
Fenerbahçe - Başakşehir84' 1-0 Diego Rossi
74%
Fenerbahçe - Adana Demirspor20' 1-0 Enner Valencia
74%
Fenerbahçe - Adana Demirspor41' 2-0 Enner Valencia
74%
Fenerbahçe - Fatih Karagümrük28' 2-2 Enner Valencia
74%
Fenerbahçe - Fatih Karagümrük62' 3-2 Enner Valencia
74%
Fenerbahçe - Sivasspor55' 1-0 Enner Valencia
74%
Gaziantep FK - Fenerbahçe90+1' 1-2 Enner Valencia
74%
Fenerbahçe - Beşiktaş41' 1-0 Enner Valencia
74%
Fenerbahçe - Adana Demirspor83' 4-2 Ezgjan Alioski
74%
Fenerbahçe - Beşiktaş90+5' 2-4 İrfan Can Kahveci
74%
Fenerbahçe - Fatih Karagümrük90+5' 5-4 Michy Batshuayi
74%
Fenerbahçe - Fatih Karagümrük9' 1-0 Miguel Crespo
74%
Fenerbahçe - İstanbulspor25' 1-0 Arda Güler
70%
Fenerbahçe - İstanbulspor51' 2-0 Arda Güler
70%
Alanyaspor - Fenerbahçe90+2' 1-3 Emre Mor
70%
Kasımpaşa - Fenerbahçe58' 0-4 Enner Valencia
70%
Fenerbahçe - Fatih Karagümrük73' 4-3 Enner Valencia
70%
İstanbulspor - Fenerbahçe86' 2-4 Enner Valencia
70%
Fenerbahçe - Giresunspor19' 1-0 Enner Valencia
70%
Gaziantep FK - Fenerbahçe8' 0-1 Enner Valencia
70%
Adana Demirspor - Fenerbahçe88' 1-1 Enner Valencia
70%
Fenerbahçe - Trabzonspor71' 3-0 Enner Valencia
70%
Fenerbahçe - Antalyaspor2' 1-0 Enner Valencia
70%
Ankaragücü - Fenerbahçe25' 0-2 İrfan Can Kahveci
70%
Fenerbahçe - Kayserispor37' 1-0 Joao Pedro
70%
Fenerbahçe - İstanbulspor71' 3-2 Joao Pedro
70%
Fenerbahçe - Trabzonspor58' 2-0 Luan Peres
70%
Ankaragücü - Fenerbahçe3' 0-1 Michy Batshuayi
70%
İstanbulspor - Fenerbahçe88' 2-5 Michy Batshuayi
70%
Fenerbahçe - Kasımpaşa90+2' 5-1 Michy Batshuayi
70%
Fenerbahçe - Trabzonspor11' 1-0 Michy Batshuayi
70%
Fenerbahçe - Adana Demirspor47' 3-0 Miha Zajc
70%
Kasımpaşa - Fenerbahçe33' 0-2 Enner Valencia
67%
Fenerbahçe - Kasımpaşa39' 2-1 Enner Valencia
67%
Fenerbahçe - Kasımpaşa52' 3-1 Enner Valencia
67%
Fenerbahçe - Kasımpaşa69' 4-1 Enner Valencia
67%
Fenerbahçe - Konyaspor13' 1-0 Enner Valencia
67%
Alanyaspor - Fenerbahçe65' 1-1 Enner Valencia
67%
Fenerbahçe - Ankaragücü87' 1-1 Enner Valencia
67%
Sivasspor - Fenerbahçe45+1' 0-2 Ferdi Kadıoğlu
67%
Başakşehir - Fenerbahçe88' 1-1 Joao Pedro
67%
Başakşehir - Fenerbahçe90+3' 1-2 Joao Pedro
67%
Kasımpaşa - Fenerbahçe8' 0-1 Joshua King
67%
Fenerbahçe - Kayserispor50' 2-0 Joshua King
67%
İstanbulspor - Fenerbahçe18' 0-1 Michy Batshuayi
67%
İstanbulspor - Fenerbahçe49' 1-3 Michy Batshuayi
67%
Antalyaspor - Fenerbahçe62' 1-2 Michy Batshuayi
67%
Ümraniyespor - Fenerbahçe73' 0-1 Michy Batshuayi
67%
Fenerbahçe - Alanyaspor45+4' 3-0 Miguel Crespo
67%
Fenerbahçe - Ankaragücü90+6' 2-1 Miguel Crespo
67%
Fenerbahçe - Antalyaspor90+5' 2-0 Miha Zajc
67%
Fatih Karagümrük - Fenerbahçe78' 1-2 Attila Szalai
63%
Fenerbahçe - Alanyaspor5' 1-0 Diego Rossi
63%
Fenerbahçe - Kasımpaşa37' 1-1 Enner Valencia
63%
Fenerbahçe - Konyaspor45+6' 2-0 Enner Valencia
63%
Alanyaspor - Fenerbahçe85' 1-2 Enner Valencia
63%
Kayserispor - Fenerbahçe67' 0-2 Ferdi Kadıoğlu
63%
Sivasspor - Fenerbahçe45+10' 0-3 Ferdi Kadıoğlu
63%
Antalyaspor - Fenerbahçe55' 1-1 Michy Batshuayi
63%
Giresunspor - Fenerbahçe20' 0-1 Michy Batshuayi
63%
Fatih Karagümrük - Fenerbahçe51' 1-1 Miha Zajc
63%
Sivasspor - Fenerbahçe22' 0-1 Diego Rossi
59%
Fenerbahçe - Alanyaspor70' 4-0 Enner Valencia
59%
Fenerbahçe - Alanyaspor76' 5-0 İrfan Can Kahveci
59%
Fenerbahçe - Hatayspor20' 1-0 Joshua King
59%
Ankaragücü - Fenerbahçe90+1' 0-3 Diego Rossi
56%
İstanbulspor - Fenerbahçe36' 0-2 İrfan Can Kahveci
56%
Kayserispor - Fenerbahçe6' 0-1 Enner Valencia
52%
Kasımpaşa - Fenerbahçe45+3' 0-3 Emre Mor
48%
Fenerbahçe - Hatayspor90+5' 4-0 Gustavo Henrique
48%
Fenerbahçe - Hatayspor26' 2-0 Michy Batshuayi
48%
Fenerbahçe - Alanyaspor17' 2-0 Gustavo Henrique
44%
Fenerbahçe - Konyaspor78' 4-0 Attila Szalai
37%
Ümraniyespor - Fenerbahçe89' 1-2 Tomislav Glumac (OG)
37%
Fenerbahçe - Konyaspor61' 3-0 Joshua King
33%
Fenerbahçe - Hatayspor86' 3-0 Serdar Dursun
33%
No matching quizzes found
Score Distribution
Percent of People with Each Score
Percentile by Number Answered
Your Score History
You have not taken this quiz